000
00297nam a2200145Ia 4500
100
_a
Berry/Michael J.A
942
_c
BK
654
_a
data mining
245
_a
Mastering Data Mining
260
_b
John Wiley
_c
2003
082
_a
5.74
_b
BER
300
_a
494
546
_a
ENGLISH
999
_c
29767
_d
29767